Loading...
| History - World | 0 | 4 | 0 | 1 | 40 | 84 | 104.25 | 0 | 2 | 0.00 | 0.00 |
| History - Other | 0 | 4 | 0 | 2 | 40 | 51 | 93.00 | 0 | 1 | 0.00 | 0.00 |
| History - American | 0 | 3 | 0 | 1 | 30 | 102 | 117.33 | 0 | 0 | 0.00 | 0.00 |
| Mythology | 0 | 2 | 0 | 0 | 20 | 112 | 124.00 | 0 | 0 | 0.00 | 0.00 |
| Literature - British | 0 | 2 | 0 | 1 | 20 | 102 | 123.00 | 0 | 2 | 0.00 | 0.00 |
| Religion | 0 | 2 | 1 | 1 | 15 | 125 | 132.00 | 0 | 1 | 0.00 | 0.00 |
| Fine Arts - Other | 0 | 1 | 0 | 0 | 10 | 68 | 68.00 | 0 | 0 | 0.00 | 0.00 |
| Other Academic | 0 | 1 | 0 | 0 | 10 | 129 | 129.00 | 0 | 0 | 0.00 | 0.00 |
| Fine Arts - Classical Music | 0 | 1 | 0 | 1 | 10 | 145 | 145.00 | 0 | 0 | 0.00 | 0.00 |
| Fine Arts - Painting and Sculpture | 0 | 0 | 1 | 0 | -5 | 0.00 | 0 | 0 | 0.00 | 0.00 |